000 00631nam a2200241Ia 4500
003 OSt
005 20221005090228.0
006 a|||||r|||| 00| 0
007 ta
008 221004b |||||||| |||| 00| 0 eng d
020 _a0471870560
024 _a106527
037 _cTextual
040 _aCRL
_cCRL
_beng
041 _2eng
_aeng
082 _aX:8M:(D65,(B), M4
100 _aBergerud Marly
_9614993
245 0 _aWord/information processing
250 _a2nd
260 _aNew York
_bJohn Wiley & Sons USA
_c1984
942 _hX:8M:(D65,(B), M4
_cTEXL
_2cc
999 _c995379
_d995379